NASCAR Driver to Number - Statistics

General Stats
  • This quiz has been taken 112 times
  • The average score is 27 of 36
Answer Stats
Hint Answer % Correct
Kyle Larson 5
91%
Ross Chastain 1
90%
William Byron 24
90%
Joey Logano 22
88%
Austin Cindric 2
87%
Brad Keselowski 6
87%
Chase Elliott 9
87%
Denny Hamlin 11
86%
Bubba Wallace 23
86%
Alex Bowman 48
86%
Daniel Suarez 99
86%
Christopher Bell 20
84%
Kyle Busch 8
84%
Austin Dillon 3
83%
Ryan Blaney 12
82%
Martin Truex Jr. 19
81%
Ricky Stenhouse Jr. 47
81%
Harrison Burton 21
79%
Chris Buescher 17
78%
Tyler Reddick 45
77%
Carson Hocevar 77
77%
Michael McDowell 34
74%
Erik Jones 43
74%
Josh Berry 4
73%
Ty Gibbs 54
73%
Corey LaJoie 7
73%
Ryan Preece 41
71%
Jimmie Johnson 84
71%
Noah Gragson 10
70%
Todd Gilliland 38
69%
Chase Briscoe 14
64%
John Hunter Nemechek 42
58%
Daniel Hemric 31
53%
Zane Smith 71
53%
Justin Haley 51
51%
Kaz Grala 15
40%
No matching quizzes found
Score Distribution
Percent of People with Each Score
Percentile by Number Answered
Your Score History
You have not taken this quiz